Statistics for Words That Contain Animals

Click here to take the quiz!

General Stats

  • This quiz has been taken 73 times
    (36 since last reset)
  • The average score is 8 of 20

Answer Stats

Word % Correct
WH{EEL}CHAIR
94%
RELO{CAT}ED
85%
LENGT{HEN}ED
76%
KN{OWL}EDGE
74%
LEAP{FROG}GED
71%
{COW}ARDICE
68%
MIL{LION}TH
62%
SEL{FISH}LY
53%
CHAM{PIG}NONS
50%
KA{YAK}ING
44%
S{HARE}HOLDER
41%
PI{RAT}ICAL
38%
SI{GNAT}URE
24%
HAN{DOVE}RS
18%
EX{CLAM}ATION
15%
EXE{CRAB}LE
12%
B{EMU}SEMENT
9%
{MOLE}CULAR
6%
AL{IBIS}
3%
A{MULE}T
3%

Score Distribution

Percentile by Number Answered

Percent of People with Each Score

Your Score History

You have not taken this quiz since the last reset